| 000 -LEADER |
| fixed length control field |
00717cam a2200241 a 4500 |
| 001 - CONTROL NUMBER |
| control field |
12402923 |
| 003 - CONTROL NUMBER IDENTIFIER |
| control field |
BD-DhUAP |
| 005 - DATE AND TIME OF LATEST TRANSACTION |
| control field |
20200122113617.0 |
| 008 - FIXED-LENGTH DATA ELEMENTS--GENERAL INFORMATION |
| fixed length control field |
200122s2001 bg b 000 0 eng |
| 020 ## - INTERNATIONAL STANDARD BOOK NUMBER |
| Canceled/invalid ISBN |
9844330454 |
| 040 ## - CATALOGING SOURCE |
| Original cataloging agency |
DLC |
| Transcribing agency |
DLC |
| Modifying agency |
BD-DhUAP |
| 042 ## - AUTHENTICATION CODE |
| Authentication code |
lcode |
| 043 ## - GEOGRAPHIC AREA CODE |
| Geographic area code |
a-bg--- |
| 082 00 - DEWEY DECIMAL CLASSIFICATION NUMBER |
| Classification number |
297.07795492 AZH |
| Edition number |
23 |
| 100 1# - MAIN ENTRY--PERSONAL NAME |
| Personal name |
Azher, Sakina. |
| 245 13 - TITLE STATEMENT |
| Title |
An Islamic philosophy of education and its role in Bangladesh education / |
| Statement of responsibility, etc. |
Sakina Azher. |
| 260 ## - PUBLICATION, DISTRIBUTION, ETC. |
| Place of publication, distribution, etc. |
Dhaka : |
| Name of publisher, distributor, etc. |
Hakkani Publishers : |
| Date of publication, distribution, etc. |
c2001. |
| 300 ## - PHYSICAL DESCRIPTION |
| Extent |
180 pages ; |
| Dimensions |
22 cm. |
| 504 ## - BIBLIOGRAPHY, ETC. NOTE |
| Bibliography, etc. note |
Includes bibliographical references. |
| 650 #0 - SUBJECT ADDED ENTRY--TOPICAL TERM |
| Topical term or geographic name entry element |
Islamic education |
| General subdivision |
Philosophy. |
| 650 #0 - SUBJECT ADDED ENTRY--TOPICAL TERM |
| Topical term or geographic name entry element |
Islamic education |
| Geographic subdivision |
Bangladesh. |
| 942 ## - ADDED ENTRY ELEMENTS (KOHA) |
| Source of classification or shelving scheme |
|
| Koha item type |
Book |